4. mezinárodní kolokvium o cestovním ruchu sborník příspěvků, 12.-13. září 2013, Brno

Uložené v:
Podrobná bibliografia
Korporácia: Mezinárodní kolokvium o cestovním ruchu, Ekonomicko-správní fakulta Masarykovy university. Katedra regionální ekonomie a správy
Ďalší autori: Holešinská, Andrea, Zelenka, Josef
Médium: Kniha
Jazyk:Czech
Slovak
Vydavateľské údaje: Brno Masarykova univerzita 2013
Vydanie:1. vyd.
Predmet:
Tagy: Pridať tag
Žiadne tagy, Buďte prvý, kto otaguje tento záznam!

MARC

LEADER 00000nlm a2200000 4500
001 0182559
005 20220830092357.4
020 |a 978-80-210-6644-1 
041 0 |a cze 
041 0 |a slo 
044 |a CZ 
245 1 0 |a 4. mezinárodní kolokvium o cestovním ruchu  |b sborník příspěvků, 12.-13. září 2013, Brno  |c editorka Andrea Holešinská ; recenzent Zelenka Josef 
250 |a 1. vyd. 
264 1 |a Brno  |b Masarykova univerzita  |c 2013 
300 |a CD-ROM 
610 2 0 |a ruch cestovný 
610 2 0 |a plánovanie územné 
610 2 0 |a marketing mix 
700 1 |a Holešinská, Andrea 
700 1 |a Zelenka, Josef 
110 2 |a Mezinárodní kolokvium o cestovním ruchu 
710 2 |a Ekonomicko-správní fakulta Masarykovy university. Katedra regionální ekonomie a správy